La educación en el desarrollo de la comunidad: su función en la asistencia técnica
Na minha lista:
| Autor principal: | |
|---|---|
| Formato: | Livro |
| Idioma: | espanhol |
| Publicado em: |
Buenos Aires
CRAT
1967
|
| Assuntos: | |
| Tags: |
Adicionar Tag
Sem tags, seja o primeiro a adicionar uma tag!
|
MARC
| LEADER | 00000nam a2200000 a 4500 | ||
|---|---|---|---|
| 001 | UCU0416 | ||
| 003 | CL-VaPUC | ||
| 008 | 960322e19670000AG |||||||||||||||||spa|d | ||
| 082 | 0 | 4 | |a 370.19 |b SCH |2 21 |
| 100 | 0 | |a Schields, James J |e author |9 355548 | |
| 245 | 1 | 3 | |a La educación en el desarrollo de la comunidad: su función en la asistencia técnica |
| 300 | |a 165 p | ||
| 942 | |c BK | ||
| 945 | |d 19960322 00:00:00 |a cmena | ||
| 260 | |a Buenos Aires |b CRAT |c 1967 | ||
| 650 | 7 | |a EDUCACION COMUNITARIA |2 CL-VaPUC |9 310021 | |
| 650 | 0 | |a Desarrollo de la comunidad |9 267505 | |
| 650 | 0 | |a Política educacional |9 308011 | |
| 650 | 0 | |a Desarrollo económico y social |9 256320 | |
| 651 | 0 | |a Estados Unidos |9 255178 | |
| 583 | |a last modification |c 19960322 00:00:00 |k Rodrigo Vera | ||
| 999 | |c 245271 |d 245269 | ||
| 952 | |0 0 |1 0 |4 0 |6 370_190000000000000_SCH_1967 |7 0 |8 P |9 259731 |a BIBEDU |b BIBEDU |c BIBEDU_PB |d 2019-11-19 |i 1633511 |o 370.19 SCH 1967 |p 1633511 |r 2024-01-25 |w 2019-11-19 |y BK |k EDU | ||